[Event "SM-2023-0-00501"]
[Site "LSS email"]
[Date "2023.02.06"]
[Round "?"]
[White "Sorcinelli, Andrea"]
[Black "Zielinski, Sergej"]
[Result "1/2-1/2"]
[WhiteElo "2277"]
[BlackElo "2270"]
[PlyCount "47"]
[EventDate "2023.01.15"]
[EventType "tourn (corr)"]
[EventRounds "6"]
[EventCountry "GER"]
[SourceTitle "Corr 2024"]
[Source "ChessBase"]
[SourceDate "2023.10.19"]
[SourceVersion "1"]
[SourceVersionDate "2023.10.19"]
[SourceQuality "1"]

1. d4 d5 2. c4 e6 3. Nc3 Nf6 4. Nf3 Bb4 5. cxd5 exd5 6. Bg5 h6 7. Bh4 0-0 8. e3 Bf5 9. Qb3 Bxc3+ 10. Qxc3 g5 11. Bg3 Ne4 12. Qa3 Re8 13. Nd2 Nxd2 14. Kxd2 Nd7 15. Be2 Rc8 16. Rac1 c5 17. dxc5 d4 18. Rhd1 dxe3+ 19. Ke1 exf2+ 20. Kxf2 Qf6 21. Rd6 Re6 22. Qc3 Qxc3 23. Rxc3 Nxc5 24. Rxe6 1/2-1/2

[Event "ZH-2023-0-02120"]
[Site "LSS email"]
[Date "2023.02.02"]
[Round "?"]
[White "Sorcinelli, Andrea"]
[Black "Ozen, Bahadir"]
[Result "1/2-1/2"]
[WhiteElo "2282"]
[BlackElo "2265"]
[PlyCount "34"]
[EventDate "2023.02.02"]
[EventType "match (corr)"]
[EventRounds "2"]
[EventCountry "GER"]
[SourceTitle "Corr 2024"]
[Source "ChessBase"]
[SourceDate "2023.10.19"]
[SourceVersion "1"]
[SourceVersionDate "2023.10.19"]
[SourceQuality "1"]

1. d4 Nf6 2. c4 e6 3. Nf3 b6 4. a3 Bb7 5. Nc3 d5 6. cxd5 Nxd5 7. Qc2 Nxc3 8. bxc3 c5 9. e4 Nd7 10. Bf4 cxd4 11. cxd4 Rc8 12. Qb3 Be7 13. Bd3 Nf6 14. Qb5+ Bc6 15. Qb1 0-0 16. 0-0 b5 17. Rd1 a6 1/2-1/2

[Event "SM-2023-0-00497"]
[Site "LSS email"]
[Date "2023.01.09"]
[Round "?"]
[White "Sorcinelli, Andrea"]
[Black "Zholob, Anatolij"]
[Result "1/2-1/2"]
[WhiteElo "2292"]
[BlackElo "2207"]
[PlyCount "59"]
[EventDate "2022.12.13"]
[EventType "tourn (corr)"]
[EventRounds "6"]
[EventCountry "GER"]
[SourceTitle "Corr 2024"]
[Source "ChessBase"]
[SourceDate "2023.10.19"]
[SourceVersion "1"]
[SourceVersionDate "2023.10.19"]
[SourceQuality "1"]

1. d4 Nf6 2. Nf3 g6 3. Bg5 Bg7 4. Nbd2 0-0 5. c3 d6 6. e4 c5 7. h3 d5 8. e5 Ne4 9. Be3 Bf5 10. g4 Be6 11. Bg2 Nc6 12. dxc5 Qc8 13. Qc2 Nxd2 14. Qxd2 b6 15. b4 bxc5 16. Bxc5 a5 17. 0-0 Nxe5 18. Nxe5 Bxe5 19. a3 Qc7 20. Rfe1 axb4 21. axb4 Bh2+ 22. Kh1 Be5 23. Bf3 Bd6 24. Rxa8 Rxa8 25. Bd4 Bc8 26. Bxd5 Bb7 27. Bxb7 Qxb7+ 28. Kg1 Qd5 29. Qe3 e5 30. Bc5 1/2-1/2

[Event "OP-2023-0-05367"]
[Site "LSS email"]
[Date "2023.01.07"]
[Round "?"]
[White "Sorcinelli, Andrea"]
[Black "Swiatek, Janusz"]
[Result "1/2-1/2"]
[WhiteElo "2293"]
[BlackElo "2099"]
[PlyCount "29"]
[EventDate "2022.12.28"]
[EventType "tourn (corr)"]
[EventRounds "4"]
[EventCountry "GER"]
[SourceTitle "Corr 2024"]
[Source "ChessBase"]
[SourceDate "2023.10.19"]
[SourceVersion "1"]
[SourceVersionDate "2023.10.19"]
[SourceQuality "1"]

1. Nf3 d5 2. b3 Bf5 3. Bb2 Nf6 4. e3 e6 5. c4 h6 6. d4 Bb4+ 7. Bc3 Be7 8. Bd3 0-0 9. 0-0 Bxd3 10. Qxd3 c5 11. dxc5 Bxc5 12. Bb2 Nc6 13. Nbd2 Be7 14. Rac1 dxc4 15. Qxd8 1/2-1/2

[Event "RM-2022-0-00274"]
[Site "LSS email"]
[Date "2022.12.12"]
[Round "?"]
[White "Ozen, Bahadir"]
[Black "Sorcinelli, Andrea"]
[Result "1/2-1/2"]
[WhiteElo "2258"]
[BlackElo "2302"]
[PlyCount "41"]
[EventDate "2022.10.13"]
[EventType "tourn (corr)"]
[EventRounds "6"]
[EventCountry "GER"]
[SourceTitle "Corr 2024"]
[Source "ChessBase"]
[SourceDate "2023.10.19"]
[SourceVersion "1"]
[SourceVersionDate "2023.10.19"]
[SourceQuality "1"]

1. e4 e5 2. Nf3 Nf6 3. Nxe5 d6 4. Nf3 Nxe4 5. d4 d5 6. Bd3 Bd6 7. 0-0 0-0 8. c4 c6 9. Re1 Bf5 10. Qb3 Qd7 11. Nc3 Nxc3 12. Bxf5 Qxf5 13. bxc3 b6 14. cxd5 cxd5 15. Qb5 Qd7 16. Rb1 Rd8 17. a4 Qxb5 18. Rxb5 Na6 19. Bd2 Nc7 20. Rb2 Ne8 21. Kf1 1/2-1/2

[Event "SM-2022-0-00492"]
[Site "LSS email"]
[Date "2022.11.25"]
[Round "?"]
[White "Ozen, Bahadir"]
[Black "Sorcinelli, Andrea"]
[Result "1/2-1/2"]
[WhiteElo "2245"]
[BlackElo "2292"]
[PlyCount "33"]
[EventDate "2022.11.06"]
[EventType "tourn (corr)"]
[EventRounds "6"]
[EventCountry "GER"]
[SourceTitle "Corr 2024"]
[Source "ChessBase"]
[SourceDate "2023.10.19"]
[SourceVersion "1"]
[SourceVersionDate "2023.10.19"]
[SourceQuality "1"]

1. Nf3 Nf6 2. c4 e6 3. d4 d5 4. Nc3 c5 5. e3 Nc6 6. a3 dxc4 7. Bxc4 a6 8. 0-0 b5 9. Ba2 Be7 10. Qe2 b4 11. axb4 cxd4 12. Nxd4 Nxb4 13. Bc4 0-0 14. Rd1 Qc7 15. e4 Bb7 16. f3 Bd6 17. g3 1/2-1/2

[Event "SM-2022-0-00492"]
[Site "LSS email"]
[Date "2022.11.25"]
[Round "?"]
[White "Sorcinelli, Andrea"]
[Black "Chronopoulos, Antonios"]
[Result "1/2-1/2"]
[WhiteElo "2292"]
[BlackElo "2248"]
[PlyCount "31"]
[EventDate "2022.11.06"]
[EventType "tourn (corr)"]
[EventRounds "6"]
[EventCountry "GER"]
[SourceTitle "Corr 2024"]
[Source "ChessBase"]
[SourceDate "2023.10.19"]
[SourceVersion "1"]
[SourceVersionDate "2023.10.19"]
[SourceQuality "1"]

1. e4 c5 2. Nf3 Nc6 3. Bb5 e6 4. 0-0 Nge7 5. d4 cxd4 6. Nxd4 Ng6 7. Be2 Be7 8. c4 b6 9. Nc3 0-0 10. Be3 Nxd4 11. Qxd4 Bb7 12. Rad1 Bc6 13. Qd2 Bb4 14. f3 Qf6 15. Rc1 Bc5 16. f4 1/2-1/2

[Event "ST-2022-0-00220"]
[Site "LSS email"]
[Date "2022.05.24"]
[Round "?"]
[White "Khorunzhy, Mikhail"]
[Black "Sorcinelli, Andrea"]
[Result "1/2-1/2"]
[WhiteElo "2370"]
[BlackElo "2301"]
[PlyCount "36"]
[EventDate "2022.04.03"]
[EventType "tourn (corr)"]
[EventRounds "6"]
[EventCountry "GER"]
[SourceTitle "Corr 2024"]
[Source "ChessBase"]
[SourceDate "2023.10.19"]
[SourceVersion "1"]
[SourceVersionDate "2023.10.19"]
[SourceQuality "1"]

1. e4 e5 2. Nf3 Nf6 3. Nxe5 d6 4. Nf3 Nxe4 5. d4 d5 6. Bd3 Bd6 7. 0-0 0-0 8. Re1 Bf5 9. c4 c6 10. Ng5 Re8 11. Bxe4 dxe4 12. Nc3 Nd7 13. Ngxe4 Bxe4 14. Rxe4 Rxe4 15. Nxe4 Bxh2+ 16. Kxh2 Qh4+ 17. Kg1 Qxe4 18. Be3 Re8 1/2-1/2

[Event "ST-2022-0-00220"]
[Site "LSS email"]
[Date "2022.05.24"]
[Round "?"]
[White "Sorcinelli, Andrea"]
[Black "Podvoysky, Evgeny"]
[Result "1/2-1/2"]
[WhiteElo "2301"]
[BlackElo "2319"]
[PlyCount "67"]
[EventDate "2022.04.03"]
[EventType "tourn (corr)"]
[EventRounds "6"]
[EventCountry "GER"]
[SourceTitle "Corr 2024"]
[Source "ChessBase"]
[SourceDate "2023.10.19"]
[SourceVersion "1"]
[SourceVersionDate "2023.10.19"]
[SourceQuality "1"]

1. e4 e5 2. Nf3 Nc6 3. Bb5 a6 4. Ba4 Nf6 5. 0-0 Be7 6. Re1 b5 7. Bb3 d6 8. c3 0-0 9. h3 Nb8 10. d4 Nbd7 11. Nbd2 Bb7 12. Bc2 Re8 13. Nf1 Bf8 14. Ng3 g6 15. b3 Bg7 16. d5 Rc8 17. c4 c6 18. Be3 Nb6 19. Qe2 cxd5 20. cxd5 Nfxd5 21. exd5 Nxd5 22. Rac1 Nxe3 23. fxe3 d5 24. b4 Qe7 25. Bb3 Rxc1 26. Rxc1 Qxb4 27. Qf2 Qe7 28. Rd1 Rd8 29. e4 d4 30. Qd2 Bf6 31. Rf1 Kg7 32. h4 h5 33. Ng5 Rf8 34. Rf2 1/2-1/2

[Event "SM-2022-0-00469"]
[Site "LSS email"]
[Date "2022.05.17"]
[Round "?"]
[White "Ozen, Bahadir"]
[Black "Sorcinelli, Andrea"]
[Result "1/2-1/2"]
[WhiteElo "2258"]
[BlackElo "2306"]
[PlyCount "46"]
[EventDate "2022.04.02"]
[EventType "tourn (corr)"]
[EventRounds "6"]
[EventCountry "GER"]
[SourceTitle "Corr 2024"]
[Source "ChessBase"]
[SourceDate "2023.10.19"]
[SourceVersion "1"]
[SourceVersionDate "2023.10.19"]
[SourceQuality "1"]

1. d4 d5 2. c4 e6 3. Nf3 Nf6 4. g3 Bb4+ 5. Bd2 Be7 6. Bg2 0-0 7. 0-0 c6 8. Qc2 b6 9. Rd1 Nbd7 10. Bf4 Ba6 11. Ne5 Rc8 12. Nc3 Bxc4 13. Nxc4 dxc4 14. e4 b5 15. a4 a6 16. axb5 axb5 17. d5 cxd5 18. exd5 e5 19. Bg5 Qb6 20. Ne4 Bc5 21. Nxc5 Nxc5 22. d6 Nd3 23. Bxf6 gxf6 1/2-1/2